Criminal Law & Procedure / (Record no. 613989)
[ view plain ]
| 000 -LEADER | |
|---|---|
| fixed length control field | 00381nam a22001457a 4500 |
| 020 ## - INTERNATIONAL STANDARD BOOK NUMBER | |
| International Standard Book Number | 9781285070131 |
| 082 ## - DEWEY DECIMAL CLASSIFICATION NUMBER | |
| Classification number | 345.66905 |
| Author Mark | SCH |
| 100 ## - MAIN ENTRY--PERSONAL NAME | |
| Personal name | Scheb, John M. |
| 245 ## - TITLE STATEMENT | |
| Title | Criminal Law & Procedure / |
| Statement of responsibility, etc. | John M. Scheb & John M. Scheb |
| 250 ## - EDITION STATEMENT | |
| Edition statement | 8th Edition. |
| 260 ## - PUBLICATION, DISTRIBUTION, ETC. | |
| Place of publication, distribution, etc. | Australia: |
| Name of publisher, distributor, etc. | Thomson Wadsworth, |
| Date of publication, distribution, etc. | 2008. |
| 300 ## - PHYSICAL DESCRIPTION | |
| Extent | 691 p. |
| 563 ## - BINDING INFORMATION | |
| Binding note | PB. |
| 942 ## - ADDED ENTRY ELEMENTS (KOHA) | |
| Source of classification or shelving scheme | |
| Koha item type | Book |
| Withdrawn status | Lost status | Source of classification or shelving scheme | Damaged status | Not for loan | Permanent Location | Current Location | Date acquired | Total Checkouts | Full call number | Barcode | Date last seen | Price effective from | Koha item type |
|---|---|---|---|---|---|---|---|---|---|---|---|---|---|
| NUST Law School (NLS) | NUST Law School (NLS) | 06/29/2025 | 345.66905 SCH | NLS-2886 | 06/29/2025 | 06/29/2025 | Book |
